000
00267nam a2200109Ia 4500
005
20251222114357.0
008
251222s1900||||xx |||||||||||||| ||spa||
082
_a
DVD0080/R55/2001
245
0
_a
La caída del halcón negro
264
_b
Revolution Studios
942
_c
DVD
999
_c
1500
_d
1500